000 00968cam a2200241 4500
001 ABS65068
008 020131n2002 000 0 eng u
035 _a(Sirsi) u116574
100 _aRooney, P
245 _aRevolutionary tactics
260 _c2002
490 _aEstates Gazette
_v(0201) 5 January 2002, 68-69(2)
520 _aLooks at the objectives and key features of the Land Registration Bill which is promising 'an unprecedented conveyancing revolution within a comparatively short time'. Concludes that the changes promised by the bill will be revolutionary with fundamental and permanent changes to the way in which land is dealt with and the way title to land is perceived.
590 _aABS
650 _aLAND REGISTRATION BILL
650 _aTITLE TO LAND
650 _aADVERSE POSSESSION
650 _aLAND REGISTRATION
650 _aREGISTERED LAND
690 _aPROPERTY AND LAND LAW-CONVEYANCING
700 _aRedman, N
942 _n0
999 _c69417
_d69417